Remarks on Altaic personal pronouns

Elmentve itt :
Bibliográfiai részletek
Szerző: Schütz Ödön
Dokumentumtípus: Cikk
Megjelent: 1974
Sorozat:Acta Orientalia Academiae Scientiarum Hungaricae;Acta Orientalia Academiae Scientiarum Hungaricae : a Magyar Tudományos Akadémia orientalisztikai közleményei
Kulcsszavak:Altaji nyelvek
Tárgyszavak:
Online Access:http://misc.bibl.u-szeged.hu/64659
LEADER 00862nab a2200229 i 4500
001 misc64659
005 20231012150209.0
008 230726s1974 hu o 0|| eng d
040 |a SZTE Miscellanea Repozitórium  |b hun 
041 |a eng 
100 1 |a Schütz Ödön 
245 1 0 |a Remarks on Altaic personal pronouns  |h [elektronikus dokumentum] /  |c  Schütz Ödön 
260 |c 1974 
300 |a 139-145  |c 24 cm 
300 |a [7] p.  |c 24 cm 
490 0 |a Acta Orientalia Academiae Scientiarum Hungaricae;Acta Orientalia Academiae Scientiarum Hungaricae : a Magyar Tudományos Akadémia orientalisztikai közleményei 
561 |a Németh Gyula hagyaték 
591 |a NOA 5397 
650 4 |a Bölcsészettudományok 
650 4 |a Nyelvek és irodalom 
695 |a Altaji nyelvek 
856 4 0 |u http://misc.bibl.u-szeged.hu/64659/1/5397_noa.pdf  |z Dokumentum-elérés